Ralphs by Picture - Statistics

General Stats
  • This quiz has been taken 18 times
  • The average score is 4 of 8
Answer Stats
Picture Answer % Correct
Wreck-It Ralph
81%
Ralph Macchio
75%
Ralph Fiennes
69%
Ralph Wiggum
63%
Ralph Nader
50%
Ralph Lauren
31%
Ralph Waldo Emerson
13%
Ralph Abernathy
6%
No matching quizzes found
Score Distribution
Percent of People with Each Score
Percentile by Number Answered
Your Score History
You have not taken this quiz